000 00583nam a2200217 a 4500
001 65787
003 BD-RjUL
005 20211209081450.0
008 170312s2006 ii ||||| |||| 00| 0 eng d
020 _a8177542907
035 _a(BD-RjUL)65917
040 _aBD-RjUL
_beng
_cBD-RjUL
_dBD-RjUL
041 _aeng
082 _223
_a590
_bRAT 2006
100 _aRanga, M M
_9194544
245 1 0 _aTransgenic animals /
_cM M Ranga
260 _aJodhpur [India] :
_bAgrobios,
_c©2006.
300 _a209 p, :
_bill, ;
_c24 cm,
650 _aTransgenic animals.
_9194545
942 _2ddc
_cBK
999 _c65787
_d65787